书目信息 |
| 题名: |
了不起的发明
|
|
| 作者: | 西蒙 , 鲍埃 著 ;休·戴维 , 米索 , 安佑 绘 | |
| 分册: | ||
| 出版信息: | 武汉 湖北少年儿童出版社 2013 |
|
| 页数: | 125页 | |
| 开本: | 23cm | |
| 丛书名: | ||
| 单 册: | ||
| 中图分类: | N19-49 | |
| 科图分类: | ||
| 主题词: | 创造发明--儿童读物 , 创造发明 | |
| 电子资源: | ||
| ISBN: | 978-7-5353-8848-3 | |
| 000 | 01124nam0 2200325 450 | |
| 001 | 52 | |
| 005 | 20180519102408.33 | |
| 010 | @a978-7-5353-8848-3@dCNY22.00 | |
| 090 | @aN1@bxm | |
| 100 | @a20140429d2013 cemy0chiy50 ea | |
| 101 | 1 | @achi@cfre |
| 102 | @aCN@b420000 | |
| 105 | @aa z 000yy | |
| 200 | 1 | @a了不起的发明@9liao bu qi de fa ming@f(法)菲利浦·西蒙,(法)玛丽·劳尔·鲍埃著@g(法)克莱特·休·戴维,(法)伊莎贝拉·米索绘@g安佑译 |
| 210 | @a武汉@c湖北少年儿童出版社@d2013 | |
| 215 | @a125页@c彩图@d23cm | |
| 300 | @a法国趣味图解小百科 | |
| 305 | @a经法国Fleurus出版社授予出版 | |
| 312 | @a版权页法文题名:L'imagerie des inventions | |
| 510 | 1 | @aImagerie des inventions@zfre |
| 606 | 0 | @a创造发明@j儿童读物 |
| 606 | 0 | @a创造发明 |
| 690 | @aN19-49@v5 | |
| 701 | 0 | @c(法)@a西蒙@9xi meng@c(Simon, Philippe)@4著 |
| 701 | 0 | @c(法)@a鲍埃@9bao ai@c(Bouet, Marie-Laure)@4著 |
| 702 | 0 | @c(法)@a休·戴维@9xiu · dai wei@c(Hus-David, Colette)@4绘 |
| 702 | 0 | @c(法)@a米索@9mi suo@c(Missso, Isabella)@4绘 |
| 702 | 0 | @a安佑@9an you@4译 |
| 801 | 0 | @aCN@bNLC@c20140429 |
| 905 | @aMuseLib@dN19-49@e126 | |
| 了不起的发明/(法)菲利浦·西蒙,(法)玛丽·劳尔·鲍埃著/(法)克莱特·休·戴维,(法)伊莎贝拉·米索绘/安佑译.-武汉:湖北少年儿童出版社,2013 |
| 125页:彩图;23cm |
| 法国趣味图解小百科 |
| ISBN 978-7-5353-8848-3:CNY22.00 |
| ● |
| 相关链接 |
|
|
|
|
正题名:了不起的发明
索取号:N19-49/126
 
预约/预借
| 序号 | 登录号 | 条形码 | 馆藏地/架位号 | 状态 | 备注 |
| 1 | 1100268 | 211002680 | 第二样本阅览室/ [索取号:N19-49/126] | 在馆 | |
| 2 | 1100269 | 211002699 | 教育系资料室/ [索取号:N19-49/126] | 在馆 | |
| 3 | 1100270 | 211002706 | 教育系资料室/ [索取号:N19-49/126] | 在馆 | |
| 4 | 1100271 | 211002715 | 教育系资料室/ [索取号:N19-49/126] | 在馆 | |
| 5 | 1100272 | 211002724 | 第三借阅区/ [索取号:N19-49/126] | 在馆 | |
| 6 | 1100273 | 211002733 | 第三借阅区/ [索取号:N19-49/126] | 在馆 |